| 000 | 00923cam a22002657a 4500 | ||
|---|---|---|---|
| 001 | 17704196 | ||
| 005 | 20140303151704.0 | ||
| 008 | 130419r20132014xxka fr2b f001 0 eng d | ||
| 020 | _a9781107009462 (hbk.) | ||
| 020 | _a1107009464 (hbk.) | ||
| 040 |
_aUKMGB _beng _cUKMGB _dOCLCO _dBTCTA _dYDXCP _dYNK _dCDX _dUAT _dBWX _dCOD _dDLC |
||
| 082 | 0 | 4 |
_a005.133 _222 _bWEL |
| 100 | 1 |
_aWellin, Paul R. _935342 |
|
| 245 | 1 | 0 |
_aProgramming with mathematica : _ban introduction / _cPaul Wellin. |
| 250 |
_a1st ed., _breprinted. |
||
| 260 |
_aCambridge, United Kingdom : _bCambridge University Press, _c2013. |
||
| 300 |
_axviii, 711 p. : _bill. (col.) ; _c25 cm. |
||
| 500 | _aReprint of the 2013 ed. | ||
| 500 | _aIndex : p. 695-711. | ||
| 504 | _aBibliography : p. 687-694. | ||
| 650 | 0 |
_aMathematica (Computer program language) _935344 |
|
| 653 |
_bENGGEN _cMarch2014 |
||
| 655 |
_vreading book _934232 |
||
| 942 |
_2ddc _k005.133 WEL |
||
| 999 |
_c18078 _d18050 |
||